[Rezension von: Rita Haub / Julius Oswald SJ (Hrsg.), Franz Xaver - Patron der Missionen]
Saved in:
| Published in: | Kunstform 3(2002), 11 |
|---|---|
| Main Author: | |
| Document Type: | Online Resource Article |
| Language: | German |
| Published: |
2002
|
| Subjects: | |
| Online Access: | kostenfrei |
| Related Items: | Enthalten in:
Kunstform Rezension von: Franz Xaver - Patron der Missionen |
| Author Notes: | rezensiert von Herbert Karner |
| LEADER | 01722caa a2200349 c 4500 | ||
|---|---|---|---|
| 001 | 1920629300 | ||
| 003 | DE-627 | ||
| 005 | 20260419043003.0 | ||
| 007 | cr uuu---uuuuu | ||
| 008 | 250326s2002 xx |||||oo 00| ||ger c | ||
| 035 | |a (DE-627)1920629300 | ||
| 035 | |a (DE-599)KXP1920629300 | ||
| 035 | |a (OCoLC)1533746769 | ||
| 040 | |a DE-627 |b ger |c DE-627 |e rda | ||
| 041 | |a ger | ||
| 084 | |a KUNST |q DE-16 |2 fid | ||
| 100 | 1 | |a Karner, Herbert |d 1958- |e VerfasserIn |0 (DE-588)134062590 |0 (DE-627)560209991 |0 (DE-576)300286619 |4 aut | |
| 245 | 1 | 0 | |a [Rezension von: Rita Haub / Julius Oswald SJ (Hrsg.), Franz Xaver - Patron der Missionen] |c rezensiert von Herbert Karner |
| 264 | 1 | |c 2002 | |
| 300 | |b Illustrationen | ||
| 336 | |a Text |b txt |2 rdacontent | ||
| 337 | |a Computermedien |b c |2 rdamedia | ||
| 338 | |a Online-Ressource |b cr |2 rdacarrier | ||
| 655 | 7 | |a Rezension |0 (DE-588)4049712-4 |0 (DE-627)106186019 |0 (DE-576)209083166 |2 gnd-content | |
| 773 | 0 | 8 | |i Enthalten in |t Kunstform |d München : Ludwig-Maximilians-Universität München, Institut für Kunstgeschichte, 2000 |g 3(2002), 11 |h Online-Ressource |w (DE-627)382929004 |w (DE-600)2140180-9 |w (DE-576)281244731 |x 1618-7199 |7 nnas |
| 773 | 1 | 8 | |g volume:3 |g year:2002 |g number:11 |
| 787 | 0 | 8 | |i Rezension von |t Franz Xaver - Patron der Missionen |b 1. Aufl. |d Regensburg : Schnell und Steiner, 2002 |h 377 S. |w (DE-627)344871819 |w (DE-576)099112671 |z 3795412528 |
| 856 | 4 | 0 | |u https://www.arthistoricum.net/kunstform/rezension/ausgabe/2002/11/3442 |x Verlag |z kostenfrei |3 Volltext |7 0 |
| 951 | |a AR | ||
| 994 | |u https://www.arthistoricum.net/themen/rezensionen/kunstform/rezension/ausgabe/2002/11/3442 | ||
| 991 | |a Rezension (Monographie, Zeitschrift, Aufsatz) | ||
| 999 | |a KXP-PPN1920629300 |e 4953863127 | ||


